000 01856cam a2200433 i 4500
001 1808428
003 OSt
005 20260430073304.0
008 790426s1980 ilu b 101 0 eng
010 _a 79012569
020 _a0226180271
020 _a9780226180267
035 _a1808428
040 _aDLC
_cIRDP
_dDLC
043 _ad------
050 0 0 _aHB849
_b.C59 1976
082 0 0 _a304.66 POP
100 _aEDITED BY EASTERLIN RICHARD A.
111 2 _aConference on Population and Economic Change in Less Developed Countries
_d(1976 :
_cPhiladelphia, Pa.)
245 1 0 _aPOPULATION AND ECONOMIC CHANGE IN DEVELOPING COUNTRIES
_cEDITED BY RICHARD A. EASTERLIN
260 _aCHICAGO
_bTHE UNIVERSITY OF CHICAGO PRESS
_c1980.
300 _ax, 581 p. ;
_c24 cm.
336 _atext
_btxt
_2rdacontent
337 _aunmediated
_bn
_2rdamedia
338 _avolume
_bnc
_2rdacarrier
490 1 _aA Conference report, Universities-National Bureau Committee for Economic Research ;
_vno. 30
500 _aSponsored by the Universities-National Bureau Committee for Economic Research.
504 _aIncludes bibliographies and indexes.
650 0 _aPopulation
_xEconomic aspects
_xCongresses.
651 0 _aDeveloping countries
_xPopulation
_xCongresses.
700 1 _aEasterlin, Richard A.,
_d1926-
710 2 _aUniversities-National Bureau Committee for Economic Research.
830 0 _aConference report (Universities--National Bureau Committee for Economic Research) ;
_vno. 30.
856 4 2 _3Publisher description
_uhttp://www.loc.gov/catdir/enhancements/fy1605/79012569-d.html
856 4 1 _3Table of contents only
_uhttp://www.loc.gov/catdir/enhancements/fy1605/79012569-t.html
906 _a7
_bcbc
_corignew
_d1
_eocip
_f19
_gy-gencatlg
942 _2ddc
_cBOOKS
999 _c9432
_d9432